000 00769nam a2200277 a 4500
001 22659
003 SK-KTurca
005 20260415135520.0
008 950619s1985 xo a g 000 1 slo c
035 _aUKB000146377
040 _aBAA001
_bslo
_cBAA001
_eAACR2
041 0 _aslo
044 _axo
_cSK
084 _aW 6(1S)-644
_2UKB
100 1 _aMináč, Vladimír,
_d1922-1996
245 1 0 _aTmavý kút
_cVladimír Mináč ; dosl. naps. Ján Beno ; ilustr. Orest Dubay.
250 _a3. vyd.
260 _aBratislava
_bSlov. spis.
_c1985
300 _a256 s.
_bil.
490 1 _aKlenoty
_vzv. 49
500 _aFrontsp.
700 1 _aBeňo, Ján,
_d1933-
_4aft
700 1 _aDubay, Orest,
_d1919-2005
_4ill
830 0 _aKlenoty
_vzv. 49
942 _2ddc
_cKLDO
_n0
999 _c22659
_d22659